000 01008cam a22002415a 4500
003 OSt
005 20150823133931.0
008 100810s1980 le a frb 0 00| 0dara d
040 _aEG-ScBUE
_bara
_dEG-ScBUE
082 0 4 _a320.5409174927
_bإ ب ر
_222
100 1 _aإبراهيم ،سعد الدين.
_917400
245 1 0 _aاتجاهات الرأى العام العربى نحو مسألة الوحدة:
_bدراسة ميدانية /
_cسعد الدين إبراهيم.
260 _aلبنان :
_bمركز دراسات الوحدة العربية،
_c1980.
300 _a367 ص؛
_bايض ؛
_c24سم .
504 _aيشتمل على ارجاهات ببليوجرافية.
541 _a؛ ألف باء
_cشراء؛
590 _areham yahia doaa mohamed
650 _913384
_aالقومية العربية
_2BUEsh
650 _917401
_aالعروبة
_xالوحدة العربية
_2BUEsh
651 _2BUEsh
653 _bARALIT
_cAugust2015
942 _2ddc
_cBB
_k320.5409174927 ا ب ر
999 _c14654
_d14654